000 00817nam a2200217Ia 4500
005 20240530110949.0
008 140319s2007 xx 000 0 ara d
040 _aGCL /
_cGCL
082 0 4 _a923.2 /
_bر ب
100 1 _aردودو ؛ خوسيه انريكى
245 1 0 _a بوليفار /
_cتاليف ردودو ؛ خوسيه انريكى ؛ مترجم محمود على مكى
250 _aالاولى
260 _aالقاهرة :
_bالمركز القومى للترجمة ،
_c2007
300 _a128 ص ؛
_c24 سم
490 _aالمشروع القومى للترجمة
_v( 1124 )
650 0 4 _aسيمون بوليفار
650 0 4 _aالقصة الاسبانية
700 _aمحمود على مكى
_eمترجم
942 _2ddc
_cBK
999 _c66956
_d66956